Športová diplomacia ako nástroj propagandy štátu bakalárska práca

Salvato in:
Dettagli Bibliografici
Autore principale: Sivčo, Tomáš
Ente Autore: Fakulta medzinárodných vzťahov EU. Katedra medzinárodných ekonomických vzťahov a hospodárskej diplomacie
Altri autori: Tomečková, Lenka, 1993-
Natura: Libro
Lingua:slovacco
Pubblicazione: Bratislava 2021
Tags: Aggiungi Tag
Nessun Tag, puoi essere il primo ad aggiungerne!!

MARC

LEADER 00000nbm a2200000 4500
001 0285130
005 20230417111836.4
041 0 |a slo 
044 |a SK 
245 1 0 |a Športová diplomacia ako nástroj propagandy štátu  |b bakalárska práca  |c Tomáš Sivčo ; školiteľ: Lenka Tomečková 
264 1 |a Bratislava  |c 2021 
300 |a 53 s. 
100 1 |a Sivčo, Tomáš 
700 1 |a Tomečková, Lenka, 1993- 
710 2 |a Fakulta medzinárodných vzťahov EU. Katedra medzinárodných ekonomických vzťahov a hospodárskej diplomacie